Virtuální realita a knihovny překlady zkrácených příspěvků (výtahů) ze zahraničního odborného tisku doplněné studií Jindřicha Pilaře ...

Salvato in:
Dettagli Bibliografici
Autore principale: Ressler, Miroslav
Altri autori: Kopala, Miloš
Natura: Libro
Lingua:ceco
Pubblicazione: Praha Národní knihovna ČR 2001
Soggetti:
Tags: Aggiungi Tag
Nessun Tag, puoi essere il primo ad aggiungerne!!

MARC

LEADER 00000nam a2200000 4500
001 c143228
005 20221124104909.8
020 |a 80-7050-365-3 
041 0 |a cze 
044 |a CZ 
245 1 0 |a Virtuální realita a knihovny  |b překlady zkrácených příspěvků (výtahů) ze zahraničního odborného tisku doplněné studií Jindřicha Pilaře ...  |c Sestavil, vybral a přeložil Miroslav Ressler za jazykové spolupráce PhDr. Miloše Kopala 
264 1 |a Praha  |b Národní knihovna ČR  |c 2001 
300 |a 106 s. 
610 2 0 |a knižnice 
610 2 0 |a digitalizácia 
610 2 0 |a technológie informačné 
610 2 0 |a projekty 
610 2 0 |a knihovníctvo 
610 2 0 |a plánovanie 
610 2 0 |a personál 
610 2 0 |a Európa 
610 2 0 |a Európska únia 
100 1 |a Ressler, Miroslav 
700 1 |a Kopala, Miloš